UBT Library

Investements An Introduction (Record no. 56293)

000 -LEADER
fixed length control field 00326nam a22001457a 4500
008 - FIXED-LENGTH DATA ELEMENTS--GENERAL INFORMATION
fixed length control field 11b ||||| |||| 00| 0 eng d
020 ## - INTERNATIONAL STANDARD BOOK NUMBER
International Standard Book Number 9780030976476
041 ## - LANGUAGE CODE
Language code of text/sound track or separate title eng
080 ## - UNIVERSAL DECIMAL CLASSIFICATION NUMBER
Edition identifier 4th
Universal Decimal Classification number 330.322
082 ## - DEWEY DECIMAL CLASSIFICATION NUMBER
Classification number 330.322
100 ## - Rafti
Rafti 51
101 ## - Shkurtesa
Shkurtesa INV
245 ## - TITLE STATEMENT
Title Investements An Introduction
Statement of responsibility, etc Mayo,H.B
942 ## - ADDED ENTRY ELEMENTS (KOHA)
Source of classification or shelving scheme
Item type Books
Holdings
Withdrawn status Lost status Source of classification or shelving scheme Damaged status Not for loan Collection code Permanent location Current location Shelving location Date acquired Total Checkouts Full call number Barcode Date last seen Price effective from Koha item type
          Koleksioni i përgjithshem UBT - Lipjan UBT - Lipjan Koleksioni i përgjithshem 03/11/2021   330.322 MAY 002-7002436 03/11/2021 03/11/2021 Books
UBT Library © 2015-2024. All rights reserved University Education for Business and Technology